| 000 | 01387nam a2200313Ia 4500 | ||
|---|---|---|---|
| 999 |
_c6016 _d6016 |
||
| 003 | OSt | ||
| 005 | 20200326113355.0 | ||
| 008 | 191128s1995 ck ao gr 001 0 spa d | ||
| 020 | _a9589298354 | ||
| 040 |
_aCO-JMCR _cCO-JMCR |
||
| 082 | 0 | 4 |
_a025.1714 / _bG589o |
| 100 | 1 |
_aGodoy de Lozano, Julia, _eautora _91918 |
|
| 245 | 1 | 0 |
_aOrganización de documentos de archivo / _cJulia Godoy de Lozano, Guillermo Hernandez Morales, María Imelda López Avila |
| 260 | _aBogotá | ||
| 260 | _bArchivo General de la Nación | ||
| 260 | _c1995 | ||
| 300 | _a27 páginas | ||
| 300 | _b fotografías a blanco y negro | ||
| 300 | _c 24 cm | ||
| 440 |
_aMini-manual ; 1 _91919 |
||
| 505 | _aEl archivo y la importancia de su organización -- Principios de la organización de archivos -- Estructura interna de la entidad | ||
| 520 | _aUno de los grandes problemas que presentan la mayoría d elos archivos en Colombia es la desorganización de los documentos, debido a la carencia de elementos teorico-prácticos en el que hacer de los mismos. | ||
| 546 | _aspa | ||
| 650 |
_aOrganización de archivos Administración de archivos Docuementación-- _91920 |
||
| 700 | 1 |
_aHernandez Morales, Guillermo, _eautora _91921 |
|
| 700 | 1 |
_aLópez Avila, María Imelda. _eautora _91922 |
|
| 799 | _aHernandez Morales, Guillermo, autor ; López Avila, María Imelda, autora | ||
| 942 |
_2ddc _cBK |
||